Giubilei della Famiglia Paolina 2005 (Record n. 37873)

Dettagli MARC
000 -LEADER
fixed length control field 00491nam a22001457a 4500
003 - CONTROL NUMBER IDENTIFIER
control field IT-RoPau
005 - DATE AND TIME OF LATEST TRANSACTION
control field 20220918175939.0
008 - FIXED-LENGTH DATA ELEMENTS--GENERAL INFORMATION
fixed length control field 130129b xxu||||| |||| 00| 0 eng d
040 ## - CATALOGING SOURCE
Transcribing agency IT-RoPau
100 ## - MAIN ENTRY--PERSONAL NAME
Personal name Commissione centrale Famiglia Paolina
9 (RLIN) 296
245 ## - TITLE STATEMENT
Title Giubilei della Famiglia Paolina 2005
Remainder of title " Voi siete ai piedi di una grande montagna. Guardate... il vostro orizzonte è il mondo intero".
260 ## - PUBLICATION, DISTRIBUTION, ETC. (IMPRINT)
Place of publication, distribution, etc. Roma
Name of publisher, distributor, etc. Famiglia Paolina
Date of publication, distribution, etc. 2005
300 ## - PHYSICAL DESCRIPTION
Extent 8 p.
Dimensions 21 cm
942 ## - ADDED ENTRY ELEMENTS (KOHA)
Source of classification or shelving scheme Dewey Decimal Classification
Koha item type VARIE
Dati di copia
Withdrawn status Lost status Source of classification or shelving scheme Damaged status Not for loan Home library Current library Date acquired Total Checkouts Full call number Date last seen Price effective from Koha item type
    Dewey Decimal Classification Buone Condizioni Not For Loan PAULUS-BIBLIOTECA PAULUS-BIBLIOTECA 29/01/2013   P C1 29/01/2013 29/01/2013 VARIE
CREDITS: SOCIETA' SAN PAOLO Via A.Severo, 58 - ROMA (RM) & PERIODICI SAN PAOLO SRL Via Giotto, 36 MILANO & CISF Via Giotto, 36 MILANO & EDIZIONI SAN PAOLO SRL,  Piazza Soncino, 5 CINISELLO BALSAMO (MI) -- ITALY